Manufacturing planning and control systems / (Record no. 26081)
[ view plain ]
| 000 -LEADER | |
|---|---|
| fixed length control field | 00857cam a22002655a 4500 |
| 001 - CONTROL NUMBER | |
| control field | 3527519 |
| 005 - DATE AND TIME OF LATEST TRANSACTION | |
| control field | 20201128024234.0 |
| 008 - FIXED-LENGTH DATA ELEMENTS--GENERAL INFORMATION | |
| fixed length control field | 961204t1997 nyua frb 001 0 eng d |
| 020 ## - INTERNATIONAL STANDARD BOOK NUMBER | |
| International Standard Book Number | 0256138990 |
| 020 ## - INTERNATIONAL STANDARD BOOK NUMBER | |
| International Standard Book Number | 9780256138993 |
| 040 ## - CATALOGING SOURCE | |
| Original cataloging agency | DLC |
| Transcribing agency | DLC |
| Modifying agency | DLC |
| -- | EG-ScBUE |
| Language of cataloging | eng |
| 082 04 - DEWEY DECIMAL CLASSIFICATION NUMBER | |
| Classification number | 658.5 |
| Edition number | 22 |
| Item number | VOL |
| 100 1# - MAIN ENTRY--PERSONAL NAME | |
| Personal name | Vollmann, Thomas E. |
| 245 10 - TITLE STATEMENT | |
| Title | Manufacturing planning and control systems / |
| Statement of responsibility, etc | Thomas E. Vollmann, William L. Berry, D. Clay Whybark. |
| 250 ## - EDITION STATEMENT | |
| Edition statement | 4th ed. |
| 260 ## - PUBLICATION, DISTRIBUTION, ETC. (IMPRINT) | |
| Place of publication, distribution, etc | New York : |
| Name of publisher, distributor, etc | Irwin / McGraw-Hill, |
| Date of publication, distribution, etc | c.1997. |
| 300 ## - PHYSICAL DESCRIPTION | |
| Extent | xxv, 836 p. : |
| Other physical details | ill. ; |
| Dimensions | 25 cm. |
| 504 ## - BIBLIOGRAPHY, ETC. NOTE | |
| Bibliography, etc | Includes bibliographical references and index. |
| 650 #7 - SUBJECT ADDED ENTRY--TOPICAL TERM | |
| Topical term or geographic name as entry element | Production planning. |
| Source of heading or term | BUEsh |
| 9 (RLIN) | 2006 |
| 650 #7 - SUBJECT ADDED ENTRY--TOPICAL TERM | |
| Topical term or geographic name as entry element | Production control. |
| Source of heading or term | BUEsh |
| 9 (RLIN) | 40100 |
| 653 ## - INDEX TERM--UNCONTROLLED | |
| Resource For college | Generalities |
| Arrived date list | February2018 |
| 700 1# - ADDED ENTRY--PERSONAL NAME | |
| Personal name | Berry, William L. |
| 700 1# - ADDED ENTRY--PERSONAL NAME | |
| Personal name | Whybark, D. Clay. |
| 942 ## - ADDED ENTRY ELEMENTS (KOHA) | |
| Source of classification or shelving scheme | Dewey Decimal Classification |
| Withdrawn status | Item status | Source of classification or shelving scheme | Damaged status | Not for loan | Home library | Current library | Shelving location | Date acquired | Total Checkouts | Full call number | Barcode | Date last seen | Koha item type |
|---|---|---|---|---|---|---|---|---|---|---|---|---|---|
| Dewey Decimal Classification | Central Library | Central Library | First floor | 04/02/2018 | 658.5 VOL | 000047225 | 15/07/2025 | Book - Borrowing |